| 000 | 00616cam a2200241u 4500 | ||
|---|---|---|---|
| 001 | 6142764 | ||
| 003 | OSt | ||
| 005 | 20230620105400.0 | ||
| 008 | 820716s1967 enk 000 0 eng | ||
| 010 | _a 67079208 | ||
| 040 |
_aDLC _cCarP _dDLC |
||
| 050 | 0 | 0 |
_aJC571 _b.K5 |
| 082 |
_a320.5 _bKIN |
||
| 100 | 1 |
_aKing, Preston T., _d1936- |
|
| 245 | 1 | 0 | _aFear of power: |
| 260 |
_aLondon, _bFrank Cass & Co., _c1967. |
||
| 300 |
_axx, 139 p. _c23 cm. |
||
| 650 | 0 | _aState, The. | |
| 650 | 0 | _aPower (Social sciences) | |
| 650 | 0 | _aLiberty. | |
| 906 |
_a0 _bcbc _cpremunv _du _encip _f19 _gy-gencatlg |
||
| 942 |
_2ddc _cBK |
||
| 999 |
_c1602 _d1602 |
||